إدارة الموازنات العامة بين النظرية و التطبيق / (رقم التسجيلة. 50216)
[ عرض عادي ]
| 000 -LEADER | |
|---|---|
| fixed length control field | 00623nam a22001937a 4500 |
| 005 - DATE AND TIME OF LATEST TRANSACTION | |
| control field | 20251108170834.0 |
| 008 - FIXED-LENGTH DATA ELEMENTS--GENERAL INFORMATION | |
| fixed length control field | 250721s1997 xx 000 0 ara d |
| 082 14 - DEWEY DECIMAL CLASSIFICATION NUMBER | |
| Classification number | 658.154/لوز |
| 100 1# - MAIN ENTRY--PERSONAL NAME | |
| Personal name | اللوزي، سليمان أحمد |
| 245 10 - TITLE STATEMENT | |
| Title | إدارة الموازنات العامة بين النظرية و التطبيق / |
| 264 1# - PRODUCTION, PUBLICATION, DISTRIBUTION, MANUFACTURE, AND COPYRIGHT NOTICE | |
| Place of production, publication, distribution, manufacture | عمان : |
| Name of producer, publisher, distributor, manufacturer | دار المسيرة للنشر، |
| Date of production, publication, distribution, manufacture, or copyright notice | 1997. |
| 300 ## - PHYSICAL DESCRIPTION | |
| Extent | 300ص |
| 650 17 - SUBJECT ADDED ENTRY--TOPICAL TERM | |
| Topical term or geographic name as entry element | الميزانيات |
| 650 17 - SUBJECT ADDED ENTRY--TOPICAL TERM | |
| Topical term or geographic name as entry element | الميزانية العامة |
| 700 1# - ADDED ENTRY--PERSONAL NAME | |
| Personal name | مرار، فيصل |
| 700 1# - ADDED ENTRY--PERSONAL NAME | |
| Personal name | العكشة، وائل |
| 942 ## - ADDED ENTRY ELEMENTS (KOHA) | |
| Source of classification or shelving scheme | Dewey Decimal Classification |
| Koha item type | كتب |
| حالة السحب | حالة الفقدان | مصدر التصنيف | حالة التلف | غير قابل للإعارة | المكتبة الرئيسية | المكتبة الحالية | موقع الرف | تاريخ التزويد | الرقم المتسلسل | Total Checkouts | رقم الإستدعاء | تاريخ آخر ظهور | تاريخ الفاتورة | نوع المادة (كوها) |
|---|---|---|---|---|---|---|---|---|---|---|---|---|---|---|
| Dewey Decimal Classification | Unchecked | مكتبة الأميرة ايمان العامة | مكتبة الأميرة ايمان العامة | الإعارة | 06/07/2004 | 9639 | 658.154/لوز | 28/07/2025 | 06/07/2004 | كتب |